Estatísticas para Cultura Geral

Clique aqui para jogar o quiz

Estatísticas Gerais

  • Esse quiz foi jogado 24 vezes
  • A pontuação média é 7 de 15

Estatísticas das Respostas

HintResposta% Correto
De que cor é o carvão?Preto
100%
Que árvore dá as pêras?Pereira
91%
Que nome damos a um estabelecimento, normalmente caracterizado como restaurante, cuja especialidade é a venda de pizzas?Pizzaria
73%
De que país o Nhoque é um prato típico?Itália
68%
Em que estado dos EUA podemos encontrar o cidade de Dallas?Texas
64%
Que nome damos ao lugar térreo ou subterrâneo, fresco, onde se guardam alimentos ou vinhos?Adega
59%
Em que país podemos encontrar Mendoza?Argentina
55%
Quem canta a música "Losing My Religion"?R.E.M.
45%
Quem canta a música "Californication"?Red Hot Chili Peppers
41%
Quem canta a música "See You Again" com o Wiz Khalifa?Charlie Puth
36%
Quem canta a música "We Found Love"?Rihanna
32%
O Chipa guasú é um prato típico de que país?Paraguai
23%
Qual é a maior cidade do mundo que começa com a letra A?Ahmedabad
14%
Quem canta a música "Can't Fight This Feeling"?REO Speedwagon
9%
Quem canta a música "Jessie's Girl"?Rick Springfield
9%

Distribuição das Pontuações

Percentil de Números Respondidos

Porcentagem de Pessoas com Cada Pontuação

Sua Pontuação Histórica

Você não jogou esse quiz